Top 10 bevölkerungsreichste Länder in Asien - Statistiken

Allgemein
  • Dieses Quiz wurde 132 mal gespielt
  • Das Durchschnittsergebnis liegt bei 9 aus 10
Antwortstatistiken
Bevölerung Land % Korrekt
1426 mio China
100%
1457 mio Indien
100%
285 mio Indonesien
97%
123 mio Japan
96%
253 mio Pakistan
90%
175 mio Bangladesch
84%
101 mio Vietnam
84%
92.0 mio Iran
83%
116 mio Philippinen
78%
74.4 mio Türkei
69%
Keine übereinstimmenden Quizze gefunden
Verteilung der Resultate
Anzahl Personen mit jedem Resultat
Perzentil nach korrekt beantworteten Fragen
Ihre Resultats-Entwicklung
Sie haben dieses Quiz noch nicht gespielt